10 Biggest Cities in each Australian State - Statistics

General Stats
  • This quiz has been taken 46 times
  • The average score is 20 of 60
Answer Stats
Hint Answer % Correct
4969305 Melbourne
97%
1357504 Adelaide
94%
2475680 Brisbane
94%
2084635 Perth
94%
4310 Perth-Evandale
94%
4966806 Sydney
94%
219071 Hobart
91%
709495 Gold Coast
76%
498095 Newcastle
76%
155340 Cairns
74%
309345 Wollongong
65%
183322 Townsville
62%
282412 Geelong
59%
348343 Sunshine Coast
59%
89178 Launceston
50%
109533 Ballarat
47%
102499 Bendigo
44%
139526 Toowoomba
41%
56887 Wagga Wagga
41%
55055 Albury
38%
337284 Central Coast
38%
80926 Mackay
38%
29946 Mount Gambier
35%
73018 Coffs Harbour
32%
14403 Broome
29%
71554 Bundaberg
29%
79602 Rockhampton
29%
28911 Kalgoorlie-Boulder
24%
52319 Mildura
24%
42662 Wodonga
24%
34587 Albany
21%
27535 Burnie-Somerset
21%
30877 Devonport
21%
37256 Geraldton
21%
21478 Whyalla
21%
52529 Shepparton-Mooroopna
18%
35887 Warrnambool
18%
78015 Maitland
15%
75517 Melton
15%
14804 Port Hedland
15%
71327 Blue Mountains
12%
55975 Hervey Bay
12%
19414 Murray Bridge
12%
16453 Port Lincoln
12%
14086 Port Pirie
12%
36084 Sunbury
12%
75155 Bunbury
9%
34572 Gawler
9%
59776 Tweed Heads
9%
14655 Ulverstone
9%
40326 Busselton
6%
4347 George Town
6%
17482 Karratha
6%
5834 New Norfolk
6%
27410 Victor Harbor
6%
15125 Crafers-Bridgewater
3%
12083 Esperance
3%
5168 Wynyard
3%
3158 Dodges Ferry-Lewisham
0%
16629 Mount Barker
0%
No matching quizzes found
Score Distribution
Percent of People with Each Score
Percentile by Number Answered
Your Score History
You have not taken this quiz